[Event "2. Bundesliga Mitte 2011/12"]
[Site "Maria Saal"]
[Date "2011.12.02"]
[Round "4"]
[Board "2"]
[White "Wertjanz, David"]
[Black "Schachinger, Mario"]
[Result "1/2-1/2"]
[WhiteElo "2257"]
[BlackElo "2386"]
[PlyCount "193"]
[EventDate "2011.10.21"]
[EventType "team"]
[EventRounds "11"]
[EventCountry "AUT"]
[WhiteTeam "SC Die Klagenfurter"]
[BlackTeam "SK MPOE Maria Saal"]

1. e4 c6 2. d4 d5 3. e5 Bf5 4. Nf3 e6 5. Be2 Nd7 6. O-O Ne7 7. Nh4 Be4 8. Nd2
c5 9. c3 Nc6 10. Nxe4 dxe4 11. g3 Be7 12. Ng2 O-O 13. Be3 Qb6 14. b4 cxd4 15.
cxd4 Nxb4 16. d5 Qd8 17. dxe6 Nxe5 18. exf7+ Rxf7 19. Qb3 Qd5 20. Nf4 Qxb3 21.
axb3 a6 22. Rac1 Nbd3 23. Rc7 Bf6 24. Bb6 Rxc7 25. Bxc7 Nxf4 26. gxf4 Nd3 27.
f3 Bd4+ 28. Kg2 exf3+ 29. Kxf3 Rc8 30. Bd6 Bc5 31. Bxd3 Bxd6 32. Bc4+ Kf8 33.
Rd1 Ke7 34. Re1+ Kd8 35. Rd1 Kc7 36. Be6 Rf8 37. Rd4 b5 38. f5 g6 39. Rh4 h5
40. Ke4 gxf5+ 41. Bxf5 a5 42. Rxh5 a4 43. bxa4 bxa4 44. Be6 Re8 45. Kd5 a3 46.
Rh4 Rd8 47. Ra4 Bxh2+ 48. Kc4 Bd6 49. Kc3 Rf8 50. Bd5 Kb6 51. Kb3 Rf5 52. Bc4
Rf3+ 53. Kc2 Rf2+ 54. Kd3 Rf3+ 55. Ke4 Rg3 56. Kd5 Bf8 57. Ra6+ Kb7 58. Ra4
Rg5+ 59. Ke4 Bd6 60. Kd3 Rg1 61. Kd4 Rd1+ 62. Kc3 Bc5 63. Ra5 Rc1+ 64. Kd3 Be7
65. Ra4 Kb6 66. Ra6+ Kb7 67. Ra4 Rb1 68. Ke4 Kb6 69. Kd3 Bb4 70. Ra8 Rd1+ 71.
Ke4 Bd6 72. Bd5 Rd2 73. Bg8 Bc5 74. Rb8+ Kc7 75. Ra8 Kb7 76. Ra4 Kb6 77. Ra8
Rd4+ 78. Ke5 Rh4 79. Rb8+ Kc7 80. Rb5 Kc6 81. Ra5 Kb6 82. Ra8 Rh8 83. Kd5 Be7
84. Ke6 Bb4 85. Rb8+ Kc5 86. Rc8+ Kd4 87. Rb8 Bc5 88. Kf7 Kc3 89. Rc8 Kd4 90.
Kg7 Rh2 91. Rd8+ Ke3 92. Re8+ Kf4 93. Ra8 Bd4+ 94. Kf8 Rb2 95. Ra4 Ke5 96. Ra5+
Kf6 97. Ra6+ 1/2-1/2

[Event "2. Bundesliga Mitte 2011/12"]
[Site "Maria Saal"]
[Date "2011.12.02"]
[Round "4"]
[Board "3"]
[White "Hartl, Daniel"]
[Black "Genser, Harald"]
[Result "1/2-1/2"]
[WhiteElo "2272"]
[BlackElo "2291"]
[PlyCount "61"]
[EventDate "2011.10.21"]
[EventType "team"]
[EventRounds "11"]
[EventCountry "AUT"]
[WhiteTeam "SK MPOE Maria Saal"]
[BlackTeam "SC Die Klagenfurter"]

1. d4 {[%emt 0:00:00]} d5 {[%emt 0:00:00]} 2. c4 e6 3. Nf3 Nf6 4. g3 dxc4 5.
Bg2 Bb4+ 6. Bd2 a5 7. Qc2 Bxd2+ 8. Nbxd2 b5 9. a4 c6 10. O-O O-O 11. e4 Ba6 12.
Rfd1 Nbd7 13. b3 cxb3 14. Nxb3 bxa4 15. Nc5 Nxc5 16. dxc5 Qe7 17. Rd6 Rfd8 18.
e5 Nd5 19. Nd4 Bb5 20. Bxd5 exd5 21. Qf5 g6 22. Qf4 Re8 23. Re1 a3 24. Qd2 Qa7
25. Nf5 Qxc5 26. Qh6 gxf5 27. Qg5+ Kh8 28. Qf6+ Kg8 29. Qg5+ Kh8 30. Qf6+ Kg8
31. Qg5+ 1/2-1/2

[Event "2. Bundesliga Mitte 2011/12"]
[Site "Maria Saal"]
[Date "2011.12.02"]
[Round "4"]
[Board "4"]
[White "Petschar, Kurt"]
[Black "Halvax, Georg"]
[Result "1/2-1/2"]
[WhiteElo "2312"]
[BlackElo "2326"]
[PlyCount "100"]
[EventDate "2011.10.21"]
[EventType "team"]
[EventRounds "11"]
[EventCountry "AUT"]
[WhiteTeam "SC Die Klagenfurter"]
[BlackTeam "SK MPOE Maria Saal"]

1. e4 {[%emt 0:00:00]} e5 2. Nf3 Nc6 3. Bc4 Bc5 4. O-O Nf6 5. d3 O-O 6. Bb3 d5
7. exd5 Nxd5 8. h3 Be6 9. Re1 f6 10. c3 Bf7 11. d4 exd4 12. cxd4 Bb6 13. Nc3
Qd7 14. Na4 Rad8 15. Nxb6 axb6 16. Be3 Nce7 17. Nh4 Rfe8 18. Qd3 g6 19. a3 Kg7
20. Rac1 c6 21. Bc2 Nc7 22. Rcd1 Ned5 23. Qd2 Ne6 24. Nf3 Qd6 25. Bh6+ Kg8 26.
h4 Nef4 27. g3 Nh5 28. Rxe8+ Rxe8 29. Re1 Be6 30. Bd3 Kf7 31. Bf1 Ng7 32. Bxg7
Kxg7 33. Bg2 Rd8 34. Qe2 Bf7 35. Qe4 Re8 36. Qb1 Rxe1+ 37. Qxe1 Nc7 38. Qe3 Bd5
39. Nd2 Bxg2 40. Kxg2 Ne6 41. Nf3 Qd5 42. Kf1 h6 43. Ke1 g5 44. g4 gxh4 45.
Nxh4 Qh1+ 46. Ke2 Nxd4+ 47. Qxd4 Qxh4 48. Qd7+ Kg6 49. Qd3+ Kg7 50. Qd7+ Kg6
1/2-1/2

[Event "2. Bundesliga Mitte 2011/12"]
[Site "Graz"]
[Date "2011.12.02"]
[Round "4"]
[Board "2"]
[White "Pesorda, Ivan"]
[Black "Freitag, Manfred"]
[Result "0-1"]
[WhiteElo "2278"]
[BlackElo "2380"]
[PlyCount "46"]
[EventDate "2011.10.21"]
[EventType "team"]
[EventRounds "11"]
[EventCountry "AUT"]
[WhiteTeam "Strassenbahn Graz"]
[BlackTeam "ESV Austria Graz"]

1. d4 Nf6 2. c4 g6 3. Nc3 Bg7 4. e4 d6 5. f4 O-O 6. Nf3 c5 7. d5 e6 8. Be2 exd5
9. cxd5 Re8 10. Nd2 Bd7 11. a4 Na6 12. O-O Nb4 13. Bf3 h5 14. Nc4 Bg4 15. e5
dxe5 16. fxe5 Nfxd5 17. Nxd5 Bxf3 18. Nf6+ Qxf6 19. Rxf3 Qe6 20. Nd6 Re7 21.
Bg5 Rd7 22. Qf1 Bxe5 23. Nc4 Bd4+ 0-1

[Event "2. Bundesliga Mitte 2011/12"]
[Site "Graz"]
[Date "2011.12.02"]
[Round "4"]
[Board "3"]
[White "Karner, Christoph"]
[Black "Steiner, Stefan"]
[Result "1/2-1/2"]
[WhiteElo "2381"]
[BlackElo "2272"]
[PlyCount "153"]
[EventDate "2011.10.21"]
[EventType "team"]
[EventRounds "11"]
[EventCountry "AUT"]
[WhiteTeam "ESV Austria Graz"]
[BlackTeam "Strassenbahn Graz"]

1. d4 Nc6 2. Nf3 d5 3. Bf4 Bg4 4. e3 e6 5. c4 Bd6 6. Bxd6 Qxd6 7. Nc3 Nge7 8.
cxd5 Nxd5 9. Be2 O-O 10. O-O Nxc3 11. bxc3 Ne7 12. Rb1 Rab8 13. Rb3 c5 14. h3
Bxf3 15. Bxf3 b6 16. dxc5 Qxc5 17. Qd7 Rfd8 18. Qxa7 Nc6 19. Bxc6 Qxc6 20. Rfb1
Ra8 21. Qxb6 Qxb6 22. Rxb6 Rxa2 23. Rb8 Rf8 24. Rxf8+ Kxf8 25. Rb7 Rc2 26. Rc7
h5 27. g4 hxg4 28. hxg4 g5 29. Kg2 Kg7 30. Kg3 Re2 31. c4 Kf6 32. c5 Kg7 33.
Kf3 Rc2 34. c6 Kf6 35. Kg3 Rc3 36. Rc8 Ke7 37. c7 Kd6 38. Rd8+ Kxc7 39. Rf8 Kd6
40. Rxf7 Ke5 41. Rf8 Ra3 42. Kg2 Ra2 43. Rb8 Rc2 44. Rb5+ Kf6 45. Rb3 Rc4 46.
Kg3 e5 47. Rb6+ Kf7 48. Rb2 Kf6 49. f3 Rc1 50. Kf2 Rd1 51. Ke2 Rd6 52. Rd2 Ra6
53. Rb2 Rd6 54. Rb7 Rd8 55. Rh7 Kg6 56. Ra7 Kf6 57. Ra6+ Kf7 58. Ra2 Kf6 59.
Rd2 Ra8 60. Rd6+ Kf7 61. Kd3 Ra4 62. Rc6 e4+ 63. fxe4 Ra2 64. e5 Rg2 65. Ke4
Rxg4+ 66. Kf5 Rg3 67. e6+ Ke7 68. Rc7+ Ke8 69. e4 g4 70. Rg7 Rf3+ 71. Kxg4 Rf6
72. e7 Rf1 73. Rh7 Rf2 74. e5 Rf1 75. Kg5 Rf2 76. Kg6 Rf1 77. Kg5 1/2-1/2

[Event "2. Bundesliga Mitte 2011/12"]
[Site "Graz"]
[Date "2011.12.02"]
[Round "4"]
[Board "5"]
[White "Fahrner, Kurt"]
[Black "Teuschler, Hugo"]
[Result "1-0"]
[WhiteElo "2319"]
[BlackElo "2042"]
[PlyCount "47"]
[EventDate "2011.10.21"]
[EventType "team"]
[EventRounds "11"]
[EventCountry "AUT"]
[WhiteTeam "ESV Austria Graz"]
[BlackTeam "Strassenbahn Graz"]

1. f4 d5 2. e3 Nf6 3. Nf3 e6 4. b3 Be7 5. Bb2 O-O 6. Nc3 c5 7. Bd3 Nc6 8. a3 a6
9. O-O b5 10. a4 b4 11. Ne2 Ne4 12. Ne5 Bb7 13. Bxe4 dxe4 14. Ng3 Nxe5 15. fxe5
f5 16. exf6 Bxf6 17. Bxf6 Rxf6 18. Qe2 Qd5 19. Rxf6 gxf6 20. Rf1 f5 21. Qh5 Rf8
22. Qg5+ Kh8 23. Qe7 Ra8 24. Nh5 1-0

[Event "2. Bundesliga Mitte 2011/12"]
[Site "Graz"]
[Date "2011.12.02"]
[Round "4"]
[Board "6"]
[White "Kainz, Josef"]
[Black "Spindelboeck, Gernot"]
[Result "0-1"]
[WhiteElo "1991"]
[BlackElo "2235"]
[PlyCount "84"]
[EventDate "2011.10.21"]
[EventType "team"]
[EventRounds "11"]
[EventCountry "AUT"]
[WhiteTeam "Strassenbahn Graz"]
[BlackTeam "ESV Austria Graz"]

1. d4 Nf6 2. c4 e6 3. Nf3 b6 4. Nc3 Bb7 5. Bg5 h6 6. Bh4 Be7 7. e3 O-O 8. Bd3
d5 9. O-O Nbd7 10. cxd5 exd5 11. Rc1 c5 12. dxc5 bxc5 13. Bb1 Rc8 14. Bg3 Qb6
15. b3 Rfe8 16. Re1 Bf8 17. Qd3 g6 18. Red1 Bg7 19. h3 Qe6 20. Bh2 Nb6 21. Nb5
Ba6 22. a4 Ne4 23. Nd2 f5 24. Qc2 Bxb5 25. Nxe4 fxe4 26. axb5 d4 27. Qa2 Re7
28. Qa6 d3 29. Ba2 Kh7 30. Bf4 Qf5 31. g4 Qd7 32. Qa3 Qd5 33. Kg2 Rf7 34. Qa6
Qd7 35. Qa3 Qxb5 36. Bd6 Qc6 37. Bxc5 Qf6 38. Rf1 Qf3+ 39. Kg1 Qxh3 40. Bd6
Qxg4+ 41. Bg3 Rxc1 42. Rxc1 d2 0-1

[Event "2. Bundesliga Mitte 2011/12"]
[Site "Graz"]
[Date "2011.12.02"]
[Round "4"]
[Board "1"]
[White "Poetz, Florian"]
[Black "Kovacs, Gabor"]
[Result "1/2-1/2"]
[WhiteElo "2412"]
[BlackElo "2498"]
[PlyCount "130"]
[EventDate "2011.10.21"]
[EventType "team"]
[EventRounds "11"]
[EventCountry "AUT"]
[WhiteTeam "SK Sparkasse Fuerstenfeld"]
[BlackTeam "Union Styria Graz Kleine Zeitung"]

1. e4 e5 2. Nf3 Nc6 3. Bb5 Nf6 4. d3 d6 5. O-O Be7 6. c3 O-O 7. Re1 a6 8. Ba4
Bd7 9. Nbd2 Re8 10. Nf1 Bf8 11. Bg5 h6 12. Bh4 g6 13. h3 Bg7 14. N3h2 Qc8 15.
Ne3 Ne7 16. Bc2 Nh7 17. Qf3 h5 18. Nhf1 Be6 19. Bb3 Qd7 20. Bxe7 Qxe7 21. Nd5
Qd8 22. Qe3 b5 23. Nb4 Qd7 24. Bd5 Bxd5 25. Nxd5 Qd8 26. a4 c6 27. Nb4 Qc7 28.
axb5 axb5 29. Nd2 Nf8 30. Nb3 Ne6 31. Red1 Kh7 32. Qe1 Nf4 33. Kh2 Ra4 34. g3
Ne6 35. Rxa4 bxa4 36. Nd2 Rd8 37. b3 axb3 38. Nxb3 d5 39. Ra1 dxe4 40. Qxe4 Ng5
41. Qe3 f6 42. h4 Ne6 43. Ra7 Qd6 44. Ra6 Rc8 45. Na5 f5 46. Rxc6 Rxc6 47.
Naxc6 f4 48. Qf3 fxg3+ 49. fxg3 e4 50. dxe4 Qd2+ 51. Kh3 Qxc3 52. Qxc3 Bxc3 53.
Nd5 Bd2 54. Kg2 g5 55. hxg5 Nxg5 56. e5 Kg6 57. Nd4 Bc1 58. Nf4+ Kf7 59. e6+
Ke7 60. Nf5+ Ke8 61. e7 Ba3 62. Nd5 Bxe7 63. Ndxe7 Ne4 64. Ng6 Nxg3 65. Kxg3
h4+ 1/2-1/2

[Event "2. Bundesliga Mitte 2011/12"]
[Site "Graz"]
[Date "2011.12.02"]
[Round "4"]
[Board "3"]
[White "Postl, Anton"]
[Black "Danner, Georg"]
[Result "1-0"]
[WhiteElo "2270"]
[BlackElo "2408"]
[PlyCount "83"]
[EventDate "2011.10.21"]
[EventType "team"]
[EventRounds "11"]
[EventCountry "AUT"]
[WhiteTeam "SK Sparkasse Fuerstenfeld"]
[BlackTeam "Union Styria Graz Kleine Zeitung"]

1. d4 Nf6 2. c4 e6 3. Nf3 Nc6 4. Nc3 Bb4 5. Qc2 d6 6. a3 Bxc3+ 7. Qxc3 O-O 8.
Bg5 h6 9. Bh4 g5 10. Bg3 Ne4 11. Qc2 f5 12. e3 Qf6 13. Bd3 Nxg3 14. hxg3 e5 15.
d5 Ne7 16. e4 Kg7 17. exf5 Bxf5 18. O-O Qg6 19. Bxf5 Rxf5 20. Rfe1 Ng8 21. Nd2
Raf8 22. Re2 Nf6 23. Ne4 Nxe4 24. Qxe4 h5 25. Rc1 Qf6 26. Qe3 b6 27. b4 Rf7 28.
c5 dxc5 29. bxc5 Rd7 30. Rd2 bxc5 31. Rxc5 Qb6 32. Rdc2 Qd6 33. R2c4 g4 34. Rc6
Qf8 35. Rxc7 Rxc7 36. Rxc7+ Kg6 37. Rc6+ Rf6 38. Qe4+ Kh6 39. Qxe5 Rxc6 40.
dxc6 Qxa3 41. c7 Qc1+ 42. Kh2 1-0

[Event "2. Bundesliga Mitte 2011/12"]
[Site "Graz"]
[Date "2011.12.02"]
[Round "4"]
[Board "4"]
[White "Wittmann, Walter"]
[Black "Radnetter, Georg"]
[Result "0-1"]
[WhiteElo "2300"]
[BlackElo "2269"]
[PlyCount "162"]
[EventDate "2011.10.21"]
[EventType "team"]
[EventRounds "11"]
[EventCountry "AUT"]
[WhiteTeam "Union Styria Graz Kleine Zeitung"]
[BlackTeam "SK Sparkasse Fuerstenfeld"]

1. e4 e6 2. d4 d5 3. Nd2 c5 4. exd5 Qxd5 5. Ngf3 cxd4 6. Bc4 Qd6 7. O-O Nf6 8.
Nb3 Nc6 9. Nbxd4 Nxd4 10. Nxd4 a6 11. Re1 Qc7 12. Qe2 Bd7 13. Bg5 O-O-O 14. Bh4
Bd6 15. Bg3 Bxg3 16. hxg3 e5 17. Nf3 Bg4 18. Qf1 Bxf3 19. gxf3 h5 20. Re3 Rd6
21. Rd1 Rc6 22. Bb3 h4 23. Qh3+ Kb8 24. g4 g5 25. Rde1 Rc5 26. Qh2 Re8 27. c3
Re7 28. Bc2 Ka7 29. Be4 Nd5 30. Bxd5 Rxd5 31. R3e2 f6 32. Qg2 Red7 33. Qf1 Rd3
34. Re3 Rd2 35. R1e2 Rd1 36. Re1 R1d2 37. R1e2 R7d6 38. Kg2 Rd1 39. Re1 R1d2
40. R1e2 Qc6 41. Re4 R2d3 42. R2e3 Rxe3 43. Rxe3 Rd2 44. Qc1 Qd7 45. a3 h3+ 46.
Kxh3 Rxf2 47. Kg3 Rd2 48. Re4 b6 49. Qh1 Rxb2 50. Qh8 Qc7 51. Qg8 Rb5 52. Rc4
Rc5 53. Rxc5 bxc5 54. Kg2 Qd6 55. Qc4 Kb6 56. Kh3 Qd7 57. a4 Qc6 58. Kg3 Ka5
59. Kg2 Qc7 60. Kf2 Qd6 61. Ke2 Qb6 62. Ke3 Qc6 63. Kf2 Qb6 64. Kg3 Qc6 65. Kf2
Qd6 66. Ke3 e4 67. Kxe4 Qf4+ 68. Kd5 Qxc4+ 69. Kxc4 Kxa4 70. Kxc5 Kb3 71. c4 a5
72. Kb5 a4 73. c5 a3 74. c6 a2 75. c7 a1=Q 76. c8=Q Qf1+ 77. Kb6 Qxf3 78. Kb5
Qd3+ 79. Kb6 Qd4+ 80. Kb5 Qb4+ 81. Ka6 Qc4+ 0-1

[Event "2. Bundesliga Mitte 2011/12"]
[Site "Graz"]
[Date "2011.12.02"]
[Round "4"]
[Board "5"]
[White "Rabel, Christoph"]
[Black "Manhardt, Thomas"]
[Result "0-1"]
[WhiteElo "2245"]
[BlackElo "2148"]
[PlyCount "66"]
[EventDate "2011.10.21"]
[EventType "team"]
[EventRounds "11"]
[EventCountry "AUT"]
[WhiteTeam "SK Sparkasse Fuerstenfeld"]
[BlackTeam "Union Styria Graz Kleine Zeitung"]

1. c4 g6 2. Nc3 Bg7 3. d4 d6 4. e4 Nf6 5. Bg5 O-O 6. Qd2 a6 7. Be2 c6 8. h4 b5
9. f3 h5 10. Nh3 Nbd7 11. Nf2 Rb8 12. g4 bxc4 13. Bxc4 Qb6 14. gxh5 d5 15. exd5
cxd5 16. Bb3 Nxh5 17. Nxd5 Qxd4 18. Qxd4 Bxd4 19. Nxe7+ Kg7 20. Rd1 Ne5 21. Bd5
Bxb2 22. O-O Bb7 23. Ng4 Rfe8 24. Bxb7 Rxb7 25. Nd5 Nc6 26. Bh6+ Kh7 27. Bc1
Re2 28. Rfe1 Bd4+ 29. Nge3 Rxa2 30. Rd2 Rxd2 31. Bxd2 Ne5 32. Kg2 Rb2 33. Nc4
Nxc4 0-1

[Event "2. Bundesliga Mitte 2011/12"]
[Site "Graz"]
[Date "2011.12.02"]
[Round "4"]
[Board "6"]
[White "Matosec, Thomas"]
[Black "Hatzl, Stefan"]
[Result "1/2-1/2"]
[WhiteElo "2070"]
[BlackElo "2162"]
[PlyCount "95"]
[EventDate "2011.10.21"]
[EventType "team"]
[EventRounds "11"]
[EventCountry "AUT"]
[WhiteTeam "Union Styria Graz Kleine Zeitung"]
[BlackTeam "SK Sparkasse Fuerstenfeld"]

1. d4 Nf6 2. Nf3 g6 3. c4 Bg7 4. g3 O-O 5. Bg2 d6 6. O-O Nc6 7. Nc3 a6 8. b3
Rb8 9. Nd5 Nh5 10. Bb2 e6 11. Nc3 Na5 12. Qd2 b5 13. cxb5 axb5 14. Rac1 Bd7 15.
e4 f5 16. exf5 exf5 17. d5 Nf6 18. Nd4 Re8 19. Rfe1 Rxe1+ 20. Rxe1 b4 21. Nce2
Ne4 22. Bxe4 fxe4 23. Nf4 Qf6 24. Rxe4 Bf5 25. Re2 Qf7 26. Nxf5 Qxf5 27. Bxg7
Kxg7 28. Re7+ Kf8 29. Rxc7 Qb1+ 30. Kg2 Qe4+ 31. f3 Qe5 32. Nxg6+ hxg6 33. Qh6+
Ke8 34. Qxg6+ Kd8 35. Qf7 Qb2+ 36. Kh3 Qh8+ 37. Kg4 Qe8 38. Qg7 Rb7 39. Rxb7
Nxb7 40. Qxb7 Qg6+ 41. Kf4 Qf6+ 42. Kg4 Qg6+ 43. Kh3 Qh6+ 44. Kg2 Qd2+ 45. Kf1
Qd1+ 46. Kg2 Qd2+ 47. Kh3 Qh6+ 48. Kg4 1/2-1/2

[Event "2. Bundesliga Mitte 2011/12"]
[Site "Steyregg"]
[Date "2011.12.02"]
[Round "4"]
[Board "1"]
[White "Hajnal, Zoltan"]
[Black "Kilgus, Georg"]
[Result "1/2-1/2"]
[WhiteElo "2431"]
[BlackElo "2427"]
[PlyCount "46"]
[EventDate "2011.10.21"]
[EventType "team"]
[EventRounds "11"]
[EventCountry "AUT"]
[WhiteTeam "ASK St. Valentin"]
[BlackTeam "SpG. Spark. Grieskirchen/Schallerb."]

1. e4 e6 2. d4 d5 3. Nc3 Bb4 4. e5 Ne7 5. Bd2 Bxc3 6. Bxc3 b6 7. b4 c5 8. b5
Nd7 9. Nf3 Nf5 10. Bd3 cxd4 11. Nxd4 Qc7 12. Nc6 Bb7 13. Bxf5 Bxc6 14. Bxe6
fxe6 15. bxc6 Qxc6 16. Qf3 Rc8 17. Bb4 Qxc2 18. O-O Rc4 19. Bd6 Qe4 20. Qh5+
Qg6 21. Qf3 Qe4 22. Qh5+ Qg6 23. Qf3 Qe4 1/2-1/2

[Event "2. Bundesliga Mitte 2011/12"]
[Site "Steyregg"]
[Date "2011.12.02"]
[Round "4"]
[Board "4"]
[White "Humer, Wolfgang"]
[Black "Tober, Gerhard"]
[Result "1-0"]
[WhiteElo "2244"]
[BlackElo "2272"]
[PlyCount "43"]
[EventDate "2011.10.21"]
[EventType "team"]
[EventRounds "11"]
[EventCountry "AUT"]
[WhiteTeam "SpG. Spark. Grieskirchen/Schallerb."]
[BlackTeam "ASK St. Valentin"]

1. e4 c5 2. Nf3 e6 3. Qe2 Nc6 4. g3 Be7 5. Bg2 d5 6. d3 Nf6 7. O-O b6 8. e5 Nd7
9. c4 dxc4 10. dxc4 Bb7 11. Nc3 a6 12. h4 Qc7 13. Bf4 h6 14. h5 O-O-O 15. Rfd1
g5 16. hxg6 fxg6 17. Bh3 Nf8 18. Nd5 Rxd5 19. cxd5 Nb4 20. d6 Qc6 21. dxe7 Nd7
22. Rd6 1-0

[Event "2. Bundesliga Mitte 2011/12"]
[Site "Steyregg"]
[Date "2011.12.02"]
[Round "4"]
[Board "5"]
[White "Heimberger, Reinhard"]
[Black "Schueller, Ernst"]
[Result "1-0"]
[WhiteElo "2313"]
[BlackElo "2195"]
[PlyCount "77"]
[EventDate "2011.10.21"]
[EventType "team"]
[EventRounds "11"]
[EventCountry "AUT"]
[WhiteTeam "ASK St. Valentin"]
[BlackTeam "SpG. Spark. Grieskirchen/Schallerb."]

1. d4 Nf6 2. g3 g6 3. Bg2 Bg7 4. e4 O-O 5. Ne2 d6 6. O-O e5 7. h3 c5 8. c3 cxd4
9. cxd4 exd4 10. Nxd4 Nc6 11. Be3 Nxd4 12. Bxd4 Bd7 13. Nc3 Bc6 14. Qd3 Qe7 15.
Rfe1 Rfd8 16. Rac1 Ne8 17. b4 Bxd4 18. Qxd4 a6 19. a4 Qd7 20. b5 axb5 21. axb5
Bxb5 22. Nd5 Ra4 23. Qb2 Rc4 24. Nb6 Rxc1 25. Rxc1 Qc6 26. Rxc6 bxc6 27. Nd5
cxd5 28. Qxb5 dxe4 29. Qb6 Rd7 30. Bxe4 Re7 31. Bc6 h5 32. Qd8 Kf8 33. Kg2 Re6
34. g4 hxg4 35. hxg4 d5 36. Bxd5 Rd6 37. Qg5 Nc7 38. Qh6+ Ke7 39. Bxf7 1-0

[Event "2. Bundesliga Mitte 2011/12"]
[Site "Steyregg"]
[Date "2011.12.02"]
[Round "4"]
[Board "6"]
[White "Hainzinger, Johann"]
[Black "Trauner, Rudolf"]
[Result "0-1"]
[WhiteElo "2121"]
[BlackElo "2195"]
[PlyCount "92"]
[EventDate "2011.10.21"]
[EventType "team"]
[EventRounds "11"]
[EventCountry "AUT"]
[WhiteTeam "SpG. Spark. Grieskirchen/Schallerb."]
[BlackTeam "ASK St. Valentin"]

1. Nc3 d5 2. e4 d4 3. Nb1 e5 4. Bc4 Nf6 5. d3 Bd6 6. Ne2 Be6 7. Bxe6 fxe6 8. c3
c5 9. Ng3 O-O 10. O-O Nc6 11. Nd2 Qe8 12. cxd4 Nxd4 13. Nc4 Bc7 14. f4 exf4 15.
Bxf4 Bxf4 16. Rxf4 Nd7 17. Rxf8+ Qxf8 18. Qh5 Qf7 19. Qxf7+ Kxf7 20. a4 Ke7 21.
a5 Rf8 22. Rf1 Rxf1+ 23. Kxf1 Nb8 24. Ke1 Nbc6 25. e5 Nb3 26. Ne4 Nbxa5 27.
Nxa5 Nxa5 28. Nxc5 b6 29. Ne4 Nc6 30. Kd2 Nxe5 31. Kc3 Nf7 32. Kb4 Nd6 33. Nxd6
Kxd6 34. Kb5 Kd5 35. Ka6 Kd4 36. Kxa7 Kxd3 37. Kxb6 e5 38. b4 e4 39. b5 e3 40.
Kc7 e2 41. b6 e1=Q 42. b7 Qe5+ 43. Kc8 Qc5+ 44. Kd8 Qb6+ 45. Kc8 Qc6+ 46. Kb8
Qxg2 0-1

[Event "2. Bundesliga Mitte 2011/12"]
[Site "Steyregg"]
[Date "2011.12.02"]
[Round "4"]
[Board "1"]
[White "Gergacz, Attila"]
[Black "Weiss, Christian"]
[Result "0-1"]
[WhiteElo "2426"]
[BlackElo "2402"]
[PlyCount "156"]
[EventDate "2011.10.21"]
[EventType "team"]
[EventRounds "11"]
[EventCountry "AUT"]
[WhiteTeam "SV Steyregg"]
[BlackTeam "Union Ansfelden"]

1. e4 c5 2. Nf3 e6 3. d4 cxd4 4. Nxd4 a6 5. Bd3 Nf6 6. Qe2 Nc6 7. Nxc6 dxc6 8.
e5 Nd7 9. O-O Qc7 10. f4 Nc5 11. Nc3 Nxd3 12. cxd3 c5 13. Be3 Bd7 14. Rac1 Bc6
15. Qf2 Qd7 16. Rfd1 Rc8 17. d4 c4 18. d5 Bxd5 19. Nxd5 exd5 20. f5 Qc6 21. Qg3
Bc5 22. Bxc5 Qxc5+ 23. Kh1 O-O 24. f6 g6 25. Qf4 Rfd8 26. e6 fxe6 27. f7+ Kg7
28. Rf1 h6 29. Qe5+ Kh7 30. Rf6 Qf8 31. Rxe6 Qg7 32. Re7 Rf8 33. Qxd5 Qxb2 34.
Rf1 Qb5 35. Qxb7 Qxb7 36. Rxb7 Rc6 37. g3 Kg7 38. Rc1 Rxf7 39. Rb4 c3 40. Rb3
Rf3 41. Kg2 Rd3 42. a4 h5 43. Rc2 h4 44. gxh4 Kh6 45. Kf2 Rc4 46. a5 Rc5 47.
Ra3 Kh5 48. Ra4 Rf5+ 49. Ke2 Rh3 50. Ke1 Rb5 51. Rc4 Rb1+ 52. Ke2 Rb2 53. Kd1
Rb1+ 54. Ke2 Rxh2+ 55. Kd3 Rh3+ 56. Kd4 Rxh4+ 57. Kxc3 Rxc4+ 58. Kxc4 Rb5 59.
Rh2+ Kg5 60. Rg2+ Kf6 61. Ra2 g5 62. Kd4 Kf5 63. Ke3 Ke5 64. Ra4 Kd6 65. Rd4+
Rd5 66. Ra4 Re5+ 67. Kd3 Kc6 68. Kd4 Kb5 69. Ra1 Rf5 70. Ke4 Rf4+ 71. Kd5 g4
72. Rg1 Kxa5 73. Kc5 Rf5+ 74. Kc4 Rg5 75. Rg3 Kb6 76. Rb3+ Kc6 77. Ra3 a5 78.
Rg3 Rg8 0-1

[Event "2. Bundesliga Mitte 2011/12"]
[Site "Steyregg"]
[Date "2011.12.02"]
[Round "4"]
[Board "2"]
[White "Felsberger, Alfred"]
[Black "Nemeth, Miklos"]
[Result "1/2-1/2"]
[WhiteElo "2361"]
[BlackElo "2438"]
[PlyCount "62"]
[EventDate "2011.10.21"]
[EventType "team"]
[EventRounds "11"]
[EventCountry "AUT"]
[WhiteTeam "Union Ansfelden"]
[BlackTeam "SV Steyregg"]

1. e4 e5 2. Nf3 Nc6 3. d4 exd4 4. Bc4 Bc5 5. O-O d6 6. c3 Bg4 7. Qb3 Na5 8.
Qa4+ c6 9. Be2 b5 10. Qd1 dxc3 11. Nxc3 Ne7 12. b3 Ng6 13. Bd2 Nb7 14. Qc2 O-O
15. Rad1 Qe7 16. h3 Bd7 17. Bg5 f6 18. Bc1 Rae8 19. Nd4 b4 20. Na4 Bxd4 21.
Rxd4 c5 22. Rd2 Bc6 23. f3 Nf4 24. Bc4+ Kh8 25. Rdd1 Ne6 26. Be3 Nc7 27. Rfe1
Nb5 28. Qd3 Nc7 29. Qc2 Nb5 30. Qd3 Nc7 31. Qc2 Nb5 1/2-1/2

[Event "2. Bundesliga Mitte 2011/12"]
[Site "Steyregg"]
[Date "2011.12.02"]
[Round "4"]
[Board "3"]
[White "Webersberger, Johann"]
[Black "Moser, Guenter"]
[Result "1/2-1/2"]
[WhiteElo "2380"]
[BlackElo "2343"]
[PlyCount "62"]
[EventDate "2011.10.21"]
[EventType "team"]
[EventRounds "11"]
[EventCountry "AUT"]
[WhiteTeam "SV Steyregg"]
[BlackTeam "Union Ansfelden"]

1. d4 f5 2. Nc3 d5 3. Bf4 c6 4. e3 Nf6 5. Bd3 Be6 6. Nf3 g6 7. h3 Bg7 8. O-O
O-O 9. Ne2 Kh8 10. Rc1 Nbd7 11. c4 Bg8 12. Bh2 Re8 13. b4 a6 14. a4 e6 15. b5
dxc4 16. Bxc4 cxb5 17. axb5 a5 18. Nf4 Ne4 19. Nd3 Rc8 20. Nfe5 Nb6 21. Qe2 Qe7
22. Qb2 Bf6 23. f3 Nd6 24. Ba2 Red8 25. Bg3 Kg7 26. Kh1 g5 27. Qa3 a4 28. Qb4
Ra8 29. Rc2 a3 30. Rfc1 Ne8 31. Qxe7+ Bxe7 1/2-1/2

[Event "2. Bundesliga Mitte 2011/12"]
[Site "Steyregg"]
[Date "2011.12.02"]
[Round "4"]
[Board "4"]
[White "Ennsberger, Ulrich"]
[Black "Wiesinger, Robert"]
[Result "1/2-1/2"]
[WhiteElo "2373"]
[BlackElo "2277"]
[PlyCount "122"]
[EventDate "2011.10.21"]
[EventType "team"]
[EventRounds "11"]
[EventCountry "AUT"]
[WhiteTeam "Union Ansfelden"]
[BlackTeam "SV Steyregg"]

1. e4 e5 2. Nf3 Nc6 3. Bb5 a6 4. Bxc6 dxc6 5. O-O Qd6 6. Na3 Be6 7. Qe2 f6 8.
Rd1 O-O-O 9. d4 Bg4 10. c3 Qe6 11. Nc2 Re8 12. dxe5 fxe5 13. Re1 Bd6 14. Ne3
Bxf3 15. Qxf3 Ne7 16. b4 Rhf8 17. Qg4 Qxg4 18. Nxg4 c5 19. a3 cxb4 20. axb4 c5
21. Rd1 Kc7 22. Be3 cxb4 23. cxb4 h5 24. Rac1+ Nc6 25. Rxd6 Kxd6 26. Bc5+ Ke6
27. Bxf8 Rxf8 28. Ne3 Nxb4 29. Rb1 a5 30. Nc4 Ra8 31. f3 b5 32. Nxa5 Rxa5 33.
Rxb4 h4 34. Rb1 Kd6 35. Rd1+ Ke6 36. Rb1 g6 37. g3 hxg3 38. hxg3 Kd6 39. Rd1+
Ke6 40. Rb1 Kd6 41. Rd1+ Kc5 42. Kf2 b4 43. f4 b3 44. Kf3 Kc4 45. f5 b2 46. Rb1
Kc3 47. fxg6 Ra6 48. Kg4 Rxg6+ 49. Kf5 Rxg3 50. Kxe5 Kc2 51. Rxb2+ Kxb2 52. Kd4
Rg4 53. Kd5 Kc3 54. e5 Rd4+ 55. Kc5 Re4 56. Kd5 Re1 57. e6 Kb4 58. Kd6 Kb5 59.
e7 Kb6 60. Kd7 Rd1+ 61. Kc8 Re1 1/2-1/2